Water and sanitation in the world's cities : (Record no. 542772)

000 -LEADER
fixed length control field 00732cam a22001814a 4500
020 ## - INTERNATIONAL STANDARD BOOK NUMBER
International Standard Book Number 1844070034 (hardback)
020 ## - INTERNATIONAL STANDARD BOOK NUMBER
International Standard Book Number 1844070042 (pbk.)
082 00 - DEWEY DECIMAL CLASSIFICATION NUMBER
Classification number 363.61091724
Author Mark WAT
245 00 - TITLE STATEMENT
Title Water and sanitation in the world's cities :
Remainder of title local action for global goals /
Statement of responsibility, etc. United Nations Human Settlements Programme (UN-HABITAT).
260 ## - PUBLICATION, DISTRIBUTION, ETC.
Place of publication, distribution, etc. London ;
-- Sterling, VA :
Name of publisher, distributor, etc. Earthscan Publications,
Date of publication, distribution, etc. 2003.
300 ## - PHYSICAL DESCRIPTION
Extent xxv, 274 p. :
Other physical details ill., map ;
Dimensions 31 cm.
526 ## - STUDY PROGRAM INFORMATION NOTE
Program name 0
Interest level 0
Reading level 0
Title point value 363_610917240000000_WAT
650 #0 - SUBJECT ADDED ENTRY--TOPICAL TERM
Topical term or geographic name entry element Municipal water supply
Geographic subdivision Developing countries.
9 (RLIN) 38095
650 #0 - SUBJECT ADDED ENTRY--TOPICAL TERM
Topical term or geographic name entry element NUST
9 (RLIN) 6342
650 #0 - SUBJECT ADDED ENTRY--TOPICAL TERM
Topical term or geographic name entry element Sanitation
Geographic subdivision Developing countries.
9 (RLIN) 23598
710 2# - ADDED ENTRY--CORPORATE NAME
Corporate name or jurisdiction name as entry element United Nations Human Settlements Programme.
9 (RLIN) 20258
942 ## - ADDED ENTRY ELEMENTS (KOHA)
Source of classification or shelving scheme
Koha item type Book
Holdings
Withdrawn status Lost status Source of classification or shelving scheme Damaged status Not for loan Permanent Location Current Location Date acquired Total Checkouts Full call number Barcode Date last seen Price effective from Koha item type
          Military College of Engineering (MCE) Military College of Engineering (MCE) 02/17/2014   363.61091724 WAT MCE-36609 02/17/2014 02/17/2014 Book
© 2023 Central Library, National University of Sciences and Technology. All Rights Reserved.